[Event "Oban Minor"]
[Site "?"]
[Date "2011.11.20"]
[Round "5"]
[White "Tait, Chris"]
[Black "Dallas, Alastair"]
[Result "1-0"]
[WhiteElo "1184"]
[BlackElo "1224"]
[PlyCount "75"]

1. d4 d5 2. c4 dxc4 3. e4 e6 4. Bxc4 Nf6 5. Bg5 Be7 6. Nc3 O-O 7. Nf3 h6 8. Bh4
Nbd7 9. O-O Nb6 10. Bb3 a5 11. a3 Bd7 12. Re1 a4 13. Ba2 Ra5 14. Rc1 Nh7 15.
Bxe7 Qxe7 16. d5 e5 17. Qd3 Ng5 18. Re3 Nc8 19. Nxg5 Qxg5 20. Ne2 Nd6 21. Rg3
Qd8 22. f3 Bb5 23. Qd2 g5 24. Qxa5 Bxe2 25. Qxc7 Qa8 26. Qb6 Rd8 27. h4 f6 28.
Qe3 Ba6 29. hxg5 hxg5 30. f4 exf4 31. Qxf4 Kg7 32. Qe3 Re8 33. Rc7+ Kg6 34. Bb1
Re5 35. Rh3 Qe8 36. Rhh7 Nxe4 37. Rcg7+ Kf5 38. Qf3# 1-0